Obras Escogidas: Tomo III: nov. 1891-mayo 1895

Zapisane w:
Opis bibliograficzny
1. autor: Martí, José
Format: Książka
Język:Undetermined
Wydane: La Habana, Cuba Editorial de Ciencias Sociales 2000
Hasła przedmiotowe:
Etykiety: Dodaj etykietę
Nie ma etykietki, Dołącz pierwszą etykiete!

MARC

LEADER 00000nam a2200000Ia 4500
008 170316s9999 xx 000 0 und d
040 |a cru BVZT 
090 |a 860 M-7o v.3 
100 |a Martí, José 
245 |a Obras Escogidas: Tomo III: nov. 1891-mayo 1895 
260 |a La Habana, Cuba 
260 |b Editorial de Ciencias Sociales 
260 |c 2000 
300 |a 637 páginas 
650 |a LITERATURA LATINOAMERICANA 
999 |c 8985  |d 8985 
942 |c 15 D  |h 860 M-7o v.3  |2 z